000 00702nam a2200205Ia 4500
003 GCL
008 140319s9999 xx 000 0 ara d
040 _aGCL /
_cGCL
082 0 4 _a001.6424
_bح ل
100 1 _aحسن طاهر درة
245 1 0 _aلغة الفورتران /
_cحسن طاهر درة
700 1 _aمحمد كامل الشربينى
700 1 _aمحمد محمود عبدالغنى
260 _a[S.N] :
_bنهضة مصر للطباعة والنشر والتوزيع ،
_c1989
300 _a239 ص
490 _aالسلسلة الشعرية الثانية
_v0
650 0 4 _aفورتران
650 0 4 _aبرامج الحاسبات الالكترونية
942 _2ddc
_cBK
999 _c44039
_d44039